01360nam a2200253 a 450000100100000000500170001000800410002704000250006808200210009310000420011424500750015626000490023130000360028059000260031665000280034265000310037091000420040195201340044395201340057795201340071195201190084595201250096499900170108900001027920240412074216.0091006s1975 dr ac r 001 p spa d aDO-SdBNPbspacBNPHU aRD861.44bF224pa1 aFarías, María Cristina de,92529410aPatria mía :b5 libros y una inspiración /cMa. Cristina Farías. aSanto Domingo :bCultural Dominicana,c1975. a184 p. :bil., retrs. ;c21 cm. aInventariado, 2018/BT 0aPoesía dominicana966 0aLiteratura dominicana.967 aValidado. Control de calidad. MMOLINA 001054708DSaGRbGRcHDd2009-10-06iLF1l0oRD861.44 F224pap10279-30r2020-06-25te. 3w2020-06-25yLFDSZPréstamo en sala 001054708DSaGRbGRcHDd2009-10-06iLF1l0oRD861.44 F224pap10279-40r2020-06-25te. 4w2020-06-25yLFDSZPréstamo en sala 001054708DSaGRbGRcHDd2009-10-06iLF1l0oRD861.44 F224pap10279-50r2020-06-25te. 5w2020-06-25yLFDSZPréstamo en sala 0010718PDaPDbPDcHDd2009-10-06iLF1l0oRD861.44 F224pap10279-10r2020-06-25w2020-06-25yLFPDZNo se presta 0010718PDaPDbPDcHDd2009-10-06iLF1l0oRD861.44 F224pap10279-20r2020-06-25te. 2w2020-06-25yLFPDZNo se presta c10038d10038